000 00289nam a2200121Ia 4500
008 190216s9999||||xx |||||||||||||| ||und||
100 _aRavindra P C & Paraderi
245 0 _aEconomic Policy And Planning
260 _bS Chand & Co
300 _a208p
650 _aCommerce
942 _cBK
999 _c4655
_d4655